000 00521nmm a2200169Ia 4500
008 251105s9999||||xx |||||||||||||||||und||
020 _a9788498790795
041 _aspa
100 _aSchopenhauer, Arthur
245 0 _aEl mundo como voluntad y representación II :
_b Complementos
264 _a[Madrid, España] :
_bTrotta Editorial,
_c2022
300 _a752 páginas
490 _aClásicos de la cultura
650 _aPhilosophy, Ethics
856 _uhttps://public.digitaliapublishing.com/a/128801
942 _cCF
999 _c91991
_d91991